00887nam a2200253 a 450000100060000000300080000600500170001400800410003102000150007203500190008704000260010604100080013208200220014010000310016224501010019325000120029426000440030630000330035050400290038365000230041294200120043599900170044795201690046474897BD-RjUL20211209082622.0170514r19851972nyua|||| b||| 00| 0 eng d a0023950501 a(BD-RjUL)75115 aBD-RjULbengcBD-RjUL aeng 223a540bPEI 19821 aPetrucci, Ralph H.921341910aInstructor's manual general chemistry :bprinciples and modern applications /cRalph H. Petrucci a3rd ed. aNew York :bMacmillan Pub. Co.,cc1982. avi, 156 p. :bill. ;c28 cm. aIncludes bibliographies. aChemistry.9213420 2ddccBK c74897d74897 00102ddc40718NFICaRUCLbRUCLcReadingd2018-12-17eBangladesh-Canada Association of Calgary , Canadal0o540 PEI 1982r2018-12-17 00:00:00tC-1w2021-12-09yBK